Statistics for 9-Letter Birds by Clue

Click here to take the quiz!

General Stats

  • This quiz has been taken 16 times
    (7 since last reset)
  • The average score is 18 of 140

Answer Stats

HintAnswer% Correct
Huge seabird known to glide over the ocean for extended periods of timeAlbatross
80%
Huge flightless bird with a notoriously powerful kickCassowary
80%
Tiny cockatoo, extremely popular as a petCockatiel
60%
Shag without a crestCormorant
60%
Four and twenty of these were baked in a pieBlackbird
40%
Courting males construct structures from twigs and decorate them with leaves and flowersBowerbird
40%
Adorable and familiar small tit of North America and ScandinaviaChickadee
40%
Commonly known in Australia as the blue wrenFairywren
40%
Like the above, but with a bright orange crown stripeFirecrest
40%
Waterfowl similar to a moorhen or swamphenGallinule
40%
Huge, bulky falcon sparsely distributed across North America and EuropeGyrfalcon
40%
Small, pale gull of far northern latitudesKittiwake
40%
Large corvid with blue upperparts and very long tailMagpie-Jay
40%
Strange duck with a long, thin billMerganser
40%
Long-winged nightjar of the AmericasNighthawk
40%
Gifted in a pear treePartridge
40%
Auk-like seabird with a thick, stubby billRazorbill
40%
Typical shorebird, usually with a long bill to find food in the sandSandpiper
40%
Striking woodpecker of North AmericaSapsucker
40%
Long-winged and long-tailed perching swift relative with distinctive crests or whiskersTreeswift
40%
Rare Hawaiian honeycreeper with bushy frontal crestAkohekohe
20%
Large, dull goose of taiga and tundraBean-Goose
20%
Beautiful stocky finch with a black mask and pale or red underpartsBullfinch
20%
Large, chocolate-brown ovenbird of South AmericaCinclodes
20%
Stocky finch with a huge, uniquely shaped beakCrossbill
20%
Sombre-looking Australian bird with dark plumage, long beak and yellow eyeCurrawong
20%
Large shorebird with a very long straight billDowitcher
20%
Speckled thrush which breeds in Scandinavia and RussiaFieldfare
20%
Small, stocky, short-tailed parrot of Queensland and New GuineaFig-Parrot
20%
Crested bulbul with a stout, yellow billFinchbill
20%
Large hummingbird, in which the males have a distinctive orange foreheadFirecrown
20%
Small, predominantly red African waxbillFirefinch
20%
Large, piscivorous raptorFish-Eagle
20%
Large woodpecker with scaled belly and red or golden backFlameback
20%
Large, quail-like birdFrancolin
20%
Nocturnal bird with a comically large head and billFrogmouth
20%
Large, frugivorous cotinga with dark plumageFruitcrow
20%
Tiny Eurasian bird with a diagnostic golden stripe on the crownGoldcrest
20%
Pretty duck known to lay eggs in other females' nestsGoldeneye
20%
Common European finch with distinctive red faceGoldfinch
20%
Philippines equivalent of the aboveGuaiabero
20%
Small, slender-billed seabird with bright red legsGuillemot
20%
Plump, beautifully-coloured babbler of East AsiaLeiothrix
20%
Ground-dwelling bird of Australia and New Guinea in which the female is more colourful than the maleLogrunner
20%
Bird-of-paradise with erectile display fans and iridescent blue breast-shieldLophorina
20%
Tiny psittacid of the tropical AmericasParrotlet
20%
Small, chunky heron found across eastern Asia and MadagascarPond-Heron
20%
Plump tundra-dwelling bird which is completely white in winterPtarmigan
20%
Chunky ground-dwelling pigeon of the AmericasQuail-Dove
20%
Small, grey, sexually dimorphic warbler of inland AustraliaRedthroat
20%
Bird-of-paradise which displays on a prominent branch, holding both wings above its headRiflebird
20%
Dull brown finch with pink markings on the wings and bellyRosy-Finch
20%
Plump, grouselike bird of South American mountainsSeedsnipe
20%
Slender, short-billed thrush of the AmericasSolitaire
20%
Small- to medium-sized swift named for the thin protrusions extending from the tail feathersSpinetail
20%
Wading bird with distinctively-shaped bill, closely related to ibisesSpoonbill
20%
Parrot-billed Galapagos finch which comes in three sizesTree-Finch
20%
Stocky, boldly marked shorebirdTurnstone
20%
Distinctive waterhen with a frontal shield raised like a crestWatercock
20%
Small African bird with a fan of bare skin around the eyeWattle-eye
20%
New Zealand endemic with a distinctively pale headWhitehead
20%
Predominantly black African weaverWidowbird
20%
Strange, slender-billed waxbill of central AfricaAntpecker
0%
Small, intricately-marked bird with a long, heavy billAntshrike
0%
Elusive, oddly chicken-like passerine of South AmericaAntthrush
0%
Large, long-billed, yellow-olive Madagascar endemicBernieria
0%
Widespread, pied-and-orange finch which breeds in Scandinavia and RussiaBrambling
0%
Large, dark, brilliantly coloured hummingbirdBrilliant
0%
Small, drab dove of the PhilippinesBrown-Dove
0%
Pretty quail found in IndiaBush-Quail
0%
Brightly-coloured ground-dwelling flycatcher of the Himalayas and TaiwanBush-Robin
0%
Large ovenbird with rich chestnut plumageCacholote
0%
Rare and possibly extinct tyrant of southeastern BrazilCalyptura
0%
Relatively small and pale South American ovenbirdCanastero
0%
Large rufous flycatcher found in Brazil and surrounding areasCasiornis
0%
Handsome European finch with pink-chestnut face and dark capChaffinch
0%
Plain, slim, long-tailed babblerChatterer
0%
Plain Old World warbler with over 50 species in the genusCisticola
0%
Beautiful large flycatcher of African rocky habitatsCliff-Chat
0%
Dull, secretive European railCorncrake
0%
Widespread, scaly African waxbillCut-throat
0%
Small, yellowish warbler closely related to the aboveEremomela
0%
Heavily streaked Australian warbler with a long, cocked tailFieldwren
0%
Tiny, elusive rail with puffy tail feathersFlufftail
0%
Large, dull honeyeater with bare facial skin, known for its loud squawkingFriarbird
0%
Colourful, elegant pigeon of tropical Southeast Asia or AustralasiaFruit-Dove
0%
Small, plain warbler favouring reeds and grasslandsGrassbird
0%
Small, finch-like bird of fields and open woodlandGrassquit
0%
Small, streaked, long-tailed bird of inland AustraliaGrasswren
0%
Distinctive bright purple-and-red African waxbillGrenadier
0%
Unusual brown corvid with large white wing patchesGround-Jay
0%
Large, crested eagleHawk-Eagle
0%
Small Australian warbler with a reddish rump and long, cocked tailHeathwren
0%
Grey, yellow-billed finch endemic to the Peruvian AndesInca-Finch
0%
Andean hummingbird with very long, straight beakLancebill
0%
Dark but beautiful Southeast Asian songbird related to the laughingthrushesLiocichla
0%
Barn-owl with prominent facial discMasked-Owl
0%
Hummingbird with an iridescent throat patch and tailMetaltail
0%
Smoky-grey bird with long tail, shaggy crest and short, stout billMousebird
0%
Australian waterfowl with an erect, chicken-like tailNativehen
0%
Distinctive yellowish waxbill of central AfricaOliveback
0%
Relatively pale, tropical swiftPalm-Swift
0%
Tiny, colourful Australian gem that nests in burrowsPardalote
0%
Beautiful shorebird known to spin rapidly on water to stir up foodPhalarope
0%
Medium-sized, chocolate brown warbler of far southeastern AustraliaPilotbird
0%
Small African robin with mostly orange underpartsRobin-Chat
0%
Pale Arabian bird resembling a cross between a sparrow, finch and larkRockfinch
0%
Sexually dimorphic finch with a pink tingeRosefinch
0%
Large hummingbird usually with glossy upperparts, paler underparts and white tail-tipsSabrewing
0%
Dark, plump, small-billed bird endemic to New GuineaSatinbird
0%
Either of two rare and elusive ground-dwelling birds of AustraliaScrub-bird
0%
Ground-dwelling megapode of tropical forestsScrubfowl
0%
Small, drab Australasian warbler that forages near the rainforest floorScrubwren
0%
Vaguely-defined type of finch with a thick, conical billSeedeater
0%
Unique, distinctive passerine with a sharp bill and speckled plumageSharpbill
0%
Small hummingbird with decurved bill and long, forked tailSheartail
0%
Dark blue-grey flycatcher of southern IndiaSholakili
0%
Small, dark robin of the Himalayas and Southeast AsiaShortwing
0%
Dark, prominently crested bird with a patch of white behind the eyeShrikejay
0%
Unique Australian passerine that is the only species in its familyShrike-tit
0%
Common and widespread white-eye of AustralasiaSilvereye
0%
Small, greyish finch of alpine areasSnowfinch
0%
Small, drab tyrant with a characteristically wide billSpadebill
0%
Small, finch-like bird of the Caribbean with marked sexual dimorphismSpindalis
0%
Small Australian honeyeater with long, decurved billSpinebill
0%
Small, stocky flycatcher with dark back and rusty breastStonechat
0%
Large, long-billed South African nectar-eaterSugarbird
0%
Also sometimes known as a stone-curlewThick-knee
0%
Tiny brown Australian warbler, or a hummingbird with a short, thin beakThornbill
0%
Brown, thick-billed South American ovenbirdThornbird
0%
Small hummingbird with thin, elongated tail feathersThorntail
0%
Small, pied, crested tyrant flycatcherTit-tyrant
0%
Large, dark ground-dwelling bird with pale wingsTrumpeter
0%
Medium to large tyrant with entirely brown or chestnut plumageTwistwing
0%
Beautiful hummingbird named for the purple patch behind the eyeVioletear
0%
Chiming or chirruping bird of inland AustraliaWedgebill
0%
Tiny, thick-billed Australian warbler with a pale face bordered with blackWhiteface
0%
Spectacular hummingbird with forked tailWoodnymph
0%
Dull grey tyrant widespread from Alaska to PeruWood-Pewee
0%
Small, chicken-like bird of Latin AmericaWood-Quail
0%

Score Distribution

Percentile by Number Answered

Percent of People with Each Score

Your Score History

You have not taken this quiz since the last reset